00436 2200169 4500001002100000005001500021008004100036020001800077035001900095041000700114082001000121090001600131100001300147245005200160260002700212300002700239INLIS00000000000044820241224112156241224||||||||| | ||| |||| || |  a979-8685-07-8 0010-1224000448 aid0 a323.6 a323.6 KAE p0 adaryanto00apendidikan kewarnegaraan intuk perguruan tinggi bParadigma Offsetc2007 aviii, 208 hlm; 20,5 cm